Подделка денежных знаков как угроза экономической безопасности России; Экономика России в XXI веке

Bibliografiske detaljer
Parent link:Экономика России в XXI веке.— 2008.— С. 209-211
Hovedforfatter: Колосова Н. Г.
Sprog:russisk
Udgivet: 2008
Fag:
Format: Book Chapter
KOHA link:https://koha.lib.tpu.ru/cgi-bin/koha/opac-detail.pl?biblionumber=154953

MARC

LEADER 00000naa2a2200000 4500
001 154953
005 20231031152141.0
035 |a (RuTPU)RU\TPU\book\168066 
090 |a 154953 
100 |a 20090306d2008 k y0rusy50 ca 
101 0 |a rus 
102 |a RU 
200 1 |a Подделка денежных знаков как угроза экономической безопасности России  |f Н. Г. Колосова 
320 |a Библиогр.: 4 назв. 
463 0 |0 (RuTPU)RU\TPU\book\161559  |t Экономика России в XXI веке  |o сборник научных трудов V Всероссийской научно-практической конференции "Теоретические проблемы экономической безопасности России в XXI веке", Томск, 2008  |f Томский политехнический университет (ТПУ), Инженерно-экономический факультет, Кафедра экономики; под ред. Г. А. Барышевой  |v С. 209-211  |d 2008  |p 377 с. 
610 1 |a деньги 
610 1 |a денежные знаки 
610 1 |a экономическая безопасность 
610 1 |a фальшивые деньги 
610 1 |a подделка 
610 1 |a экономические преступления 
610 1 |a валюта 
610 1 |a труды учёных ТПУ 
700 1 |a Колосова  |b Н. Г. 
801 1 |a RU  |b 63413507  |c 20090306  |g PSBO 
801 2 |a RU  |b 63413507  |c 20130206  |g RCR 
942 |c BK